000 00715cam a2200217 a 4500
001 000007145
005 20200929154059.0
008 920702s1968 ve a 001 0 spa
040 _aDO-SdBNP
_cDLC
082 _a759.980934
_bD559p
100 1 _aDiehl, Gastón,
_d1912-1999.
_919826
245 1 0 _aPintura de Héctor Poleo /
_cGastón Diehl.
260 _aCaracas :
_bInstituto Nacional de Cultura y Bellas Artes,
_c1968.
300 _a22 p. :
_bil. ;
_c17 cm.
490 1 _aarte
_vno. 6
504 _aBibliografías: p. 13-18.
650 4 _aPintura venezolana
_ySIGLO XX
_919827
700 1 _aPOLEO, HÉCTOR,
_d1919-1989.
_xCATÁLOGOS.
_919828
830 0 _aArte ;
_v6.
_919821
910 _aCatalogación por copia / Lc
999 _c6926
_d6926